[Event "Kampala Sagewood Cup"]
[Site "Kampala"]
[Date "2024.05.17"]
[Round "4"]
[White "Kikabi, Jeffrey"]
[Black "Odiel, James"]
[Result "0-1"]
[WhiteElo "1724"]
[BlackElo "1870"]
[PlyCount "54"]
[EventDate "2024.05.16"]
[EventType "swiss"]
[EventRounds "8"]
[EventCountry "UGA"]
[SourceTitle "CBM 220 Extra"]
[Source "ChessBase"]
[SourceDate "2024.07.31"]
[SourceVersion "1"]
[SourceVersionDate "2024.07.31"]
[SourceQuality "1"]

1. e4 d6 2. d4 Nf6 3. Bd3 Nbd7 4. Nf3 g6 5. h3 Bg7 6. Be3 c6 7. c3 0-0 8. Nbd2 b5 9. a4 Bb7 10. Qb3 a6 11. c4 e5 12. 0-0 exd4 13. Bxd4 c5 14. Bxf6 Qxf6 15. axb5 a5 16. Ra2 Ra7 17. Nb1 Qf4 18. Nc3 Ne5 19. Nxe5 Bxe5 20. g3 Qh6 21. Kg2 f5 22. b6 Raa8 23. Nd5 f4 24. Be2 fxg3 25. fxg3 Rxf1 26. Bxf1 Qd2+ 27. Kg1 Rf8 0-1

[Event "Kampala Sagewood Cup"]
[Site "Kampala"]
[Date "2024.05.17"]
[Round "3"]
[White "Odiel, James"]
[Black "Ssegwanyi, Arthur"]
[Result "0-1"]
[WhiteElo "1870"]
[BlackElo "2357"]
[PlyCount "42"]
[EventDate "2024.05.16"]
[EventType "swiss"]
[EventRounds "8"]
[EventCountry "UGA"]
[SourceTitle "CBM 220 Extra"]
[Source "ChessBase"]
[SourceDate "2024.07.31"]
[SourceVersion "1"]
[SourceVersionDate "2024.07.31"]
[SourceQuality "1"]

1. d4 d5 2. Bf4 Nf6 3. e3 e6 4. Nf3 Bd6 5. Bd3 Bxf4 6. exf4 c5 7. c3 0-0 8. Ne5 Qb6 9. Qb3 Qc7 10. Qc2 Nc6 11. Nd2 Bd7 12. 0-0 Rac8 13. Rac1 h6 14. Qb3 cxd4 15. cxd4 Qb6 16. Rfd1 Rfd8 17. Bb1 Nxe5 18. fxe5 Bb5 19. Qe3 Ne4 20. Re1 Ba6 21. Qa3 Rc7 0-1

[Event "Kampala Kireka op"]
[Site "Kampala"]
[Date "2023.12.28"]
[Round "1"]
[White "Kosia Aluenge, Abraham Makur"]
[Black "Odiel, James"]
[Result "1-0"]
[WhiteElo "1539"]
[BlackElo "1836"]
[PlyCount "103"]
[EventDate "2023.12.28"]
[EventType "swiss"]
[EventRounds "8"]
[EventCountry "UGA"]
[SourceTitle "EXT 2025"]
[Source "ChessBase"]
[SourceDate "2024.10.14"]
[SourceVersion "1"]
[SourceVersionDate "2024.10.14"]
[SourceQuality "1"]

1. e4 c6 2. d3 d5 3. Nd2 e5 4. Ngf3 Bd6 5. g3 Nf6 6. Bg2 0-0 7. 0-0 Bg4 8. Re1 d4 9. Nc4 Qe7 10. h3 Bh5 11. g4 Bg6 12. Nxd6 Qxd6 13. Nxe5 Qxe5 14. f4 Qc7 15. f5 Qg3 16. Rf1 Bh5 17. gxh5 Qh4 18. Rf4 Qxh5 19. Qxh5 Nxh5 20. Rh4 g6 21. Bf3 Ng7 22. f6 Ne6 23. e5 Nd7 24. Re4 Rac8 25. Bh6 Rfe8 26. Rae1 c5 27. b3 b5 28. Rg4 c4 29. Bd5 cxd3 30. cxd3 Ndc5 31. Bxe6 Nxe6 32. Rc1 Rxc1+ 33. Bxc1 Rc8 34. Bb2 h5 35. Re4 Ng5 36. Rxd4 Nf3+ 37. Kf2 Nxd4 38. Bxd4 Rd8 39. Ke3 a6 40. Bc5 g5 41. d4 Kh7 42. Be7 Rd7 43. e6 fxe6 44. f7 Rxe7 45. f8Q Rg7 46. Kf3 Kg6 47. Qe8+ Rf7+ 48. Ke4 Kf6 49. Qh8+ Kg6 50. Ke5 Rf3 51. Qg8+ Kh6 52. Qxe6+ 1-0